দর্শনের সাথে সংগীতের নান্দনিক সম্পর্ক / (Record no. 159124)
[ view plain ]
| 000 -LEADER | |
|---|---|
| fixed length control field | 01019nam a22002057a 4500 |
| 003 - CONTROL NUMBER IDENTIFIER | |
| control field | BD-DhUL |
| 005 - DATE AND TIME OF LATEST TRANSACTION | |
| control field | 20170301084404.0 |
| 008 - FIXED-LENGTH DATA ELEMENTS--GENERAL INFORMATION | |
| fixed length control field | 170301b2002 B a|||| m||| 00| 0 B d |
| 040 ## - CATALOGING SOURCE | |
| Original cataloging agency | BD-DhUL |
| Transcribing agency | BD-DhUL |
| 082 ## - DEWEY DECIMAL CLASSIFICATION NUMBER | |
| Classification number | 780 |
| Item number | GHD |
| 100 #1 - MAIN ENTRY--PERSONAL NAME | |
| Personal name | ঘোষ, তাপসী রানী |
| 245 00 - TITLE STATEMENT | |
| Title | দর্শনের সাথে সংগীতের নান্দনিক সম্পর্ক / |
| Statement of responsibility, etc. | তাপসী রানী ঘোষ |
| Medium | [থিসিস এমফিল] |
| 260 ## - PUBLICATION, DISTRIBUTION, ETC. (IMPRINT) | |
| Place of publication, distribution, etc. | ঢাকা : |
| Name of publisher, distributor, etc. | ঢাকা বিশ্ববিদ্যালয়, |
| Date of publication, distribution, etc. | ২০০২. |
| 300 ## - PHYSICAL DESCRIPTION | |
| Extent | [৪] , ১৩৩ পৃ. ; |
| Dimensions | ২৯ সে. মি. |
| 500 ## - GENERAL NOTE | |
| General note | থিসিস (এম. ফিল)-- নাট্যকলা ও সংগীত বিভাগ, ঢাকা বিশ্ববিদ্যালয়, ২০০২। |
| 504 ## - BIBLIOGRAPHY, ETC. NOTE | |
| Bibliography, etc | গ্রন্থপঞ্জি সংবলিত |
| 650 #4 - SUBJECT ADDED ENTRY--TOPICAL TERM | |
| Topical term or geographic name as entry element | দর্শন ও সংগীত |
| 650 #4 - SUBJECT ADDED ENTRY--TOPICAL TERM | |
| Topical term or geographic name as entry element | Philosophy and music |
| 942 ## - ADDED ENTRY ELEMENTS (KOHA) | |
| Source of classification or shelving scheme | |
| Koha item type | Reference |
| Price effective from | Date last seen | Permanent Location | Not for loan | Date acquired | Source of classification or shelving scheme | Koha item type | Lost status | Withdrawn status | Copy number | Source of acquisition | Collection code | Shelving location | Damaged status | Barcode | Current Location | Full call number |
|---|---|---|---|---|---|---|---|---|---|---|---|---|---|---|---|---|
| 2017-03-01 | 2017-03-01 | Dhaka University Library | Not For Loan | 2017-03-01 | Reference | 1 | Gift | Rare Collection | 400924 | Dhaka University Library | 780 GHD | |||||
| 2017-03-01 | 2017-03-01 | Dhaka University Library | Not For Loan | 2017-03-01 | Reference | 4 | Gift | Reference | Rare Collection | 400926 | Dhaka University Library | 780 GHD | ||||
| 2017-03-01 | 2017-03-01 | Dhaka University Library | Not For Loan | 2017-03-01 | Reference | 1 | Gift | Reference | Rare Collection | 400923 | Dhaka University Library | 780 GHD |
